000
00378nam a22001577a 4500
003
MPLRDC
005
20220104123957.0
008
210129b ||||| |||| 00| 0 eng d
082
_a
919.9 YHY
100
_a
余海音编著
245
_a
唱片欣赏与选择
_c
260
_a
_b
香港万里书店
_c
1962
300
_b
平
650
_a
音乐唱片
942
_c
BK
_o
919.9 YHY
999
_c
15677
_d
15667